[Event "African Games-chT 2019"]
[Site "Casablanca"]
[Date "2019.08.24"]
[Round "5.19"]
[White "Nkhoma, Desiderata"]
[Black "Ndirangu, Joyce Nyaruai"]
[Result "1-0"]
[WhiteElo "1481"]
[BlackElo "1662"]
[Annotator "NA"]
[PlyCount "128"]
[EventDate "2019.08.24"]
[EventType "team-tourn"]
[EventCountry "MAR"]
[SourceTitle "playchess.com"]
[Source "ChessBase"]
[SourceQuality "1"]
[WhiteTeam "MAW"]
[BlackTeam "Kenya"]
[BlackTeamCountry "KEN"]
[TimeControl "900+10"]

1. e4 {[%emt 0:00:00]} c5 {[%emt 0:00:00]} 2. Nf3 {[%emt 0:00:00]} g6 {[%emt 0:00:00]} 3. d4 {[%emt 0:00:00]} cxd4 {[%emt 0:00:00]} 4. Nxd4 {[%emt 0:00:03]} Bg7 {[%emt 0:00:02]} 5. Be2 {[%emt 0:00:06]} d6 {[%emt 0:00:08]} 6. Nc3 {[%emt 0:00:15]} Nf6 {[%emt 0:00:02]} 7. O-O {[%emt 0:00:06]} Bd7 {[%emt 0:00:03]} 8. h3 {[%emt 0:00:06]} Nc6 {[%emt 0:00:03]} 9. Be3 {[%emt 0:00:12]} O-O {[%emt 0:00:16]} 10. Nxc6 {[%emt 0:00:28]} Bxc6 {[%emt 0:00:03]} 11. Bd3 {[%emt 0:00:04]} a6 {[%emt 0:00:37]} 12. Qd2 {[%emt 0:00:04]} b5 {[%emt 0:00:03]} 13. a3 {[%emt 0:00:20]} Qc7 {[%emt 0:00:30]} 14. Bh6 {[%emt 0:00:07]} Rac8 {[%emt 0:00:30]} 15. Bxg7 {[%emt 0:00:06]} Kxg7 {[%emt 0:00:02]} 16. Rfe1 {[%emt 0:01:17]} Qb7 {[%emt 0:01:05]} 17. Qf4 {[%emt 0:00:55]} Nd7 {[%emt 0:00:47]} 18. Re3 {[%emt 0:04:02]} Nc5 {[%emt 0:00:58]} 19. Rae1 {[%emt 0:02:03]} Ne6 {[%emt 0:02:03]} 20. Qg4 {[%emt 0:01:28]} a5 {[%emt 0:02:54]} 21. Ne2 {[%emt 0:00:29]} Nc5 {[%emt 0:00:37]} 22. Nf4 {[%emt 0:01:29]} Nxd3 {[%emt 0:00:48]} 23. cxd3 {[%emt 0:00:10]} Qd7 {[%emt 0:00:31]} 24. Qg3 {[%emt 0:00:44]} e5 {[%emt 0:00:39]} 25. Nh5+ {[%emt 0:00:58]} Kh8 {[%emt 0:01:42]} 26. Nf6 {[%emt 0:00:28]} Qd8 {[%emt 0:00:18]} 27. Rf3 {[%emt 0:01:38]} Kg7 {[%emt 0:00:38]} 28. Nh5+ {[%emt 0:00:25]} Kh6 {[%emt 0:01:55]} 29. Nf6 {[%emt 0:00:52]} Rh8 {[%emt 0:00:05]} 30. Qh4+ {[%emt 0:00:36]} Kg7 {[%emt 0:00:03]} 31. Qg4 {[%emt 0:00:28]} h5 {[%emt 0:00:21]} 32. Qg5 {[%emt 0:00:01]} Bd7 {[%emt 0:00:58]} 33. Kh2 {[%emt 0:00:13]} Be6 {[%emt 0:00:10]} 34. Kg1 {[%emt 0:00:11]} Bf5 {[%emt 0:01:17]} 35. exf5 {[%emt 0:00:10]} Qxf6 {[%emt 0:00:02]} 36. Qxf6+ {[%emt 0:00:10]} Kxf6 {[%emt 0:00:01]} 37. fxg6+ {[%emt 0:00:09]} Kxg6 {[%emt 0:00:02]} 38. Re2 {[%emt 0:00:07]} f5 {[%emt 0:00:07]} 39. Rd2 {[%emt 0:00:17]} h4 {[%emt 0:00:03]} 40. Re3 {[%emt 0:00:04]} Kf6 {[%emt 0:00:14]} 41. f3 {[%emt 0:00:02]} Rc1+ {[%emt 0:00:15]} 42. Kh2 {[%emt 0:00:01]} Rg8 {[%emt 0:00:03]} 43. Ree2 {[%emt 0:00:02]} Rg3 {[%emt 0:00:03]} 44. Rf2 {[%emt 0:00:10]} Ke6 {[%emt 0:00:05]} 45. Rfe2 {[%emt 0:00:03]} d5 {[%emt 0:00:05]} 46. d4 {[%emt 0:00:11]} e4 {[%emt 0:00:04]} 47. fxe4 {[%emt 0:00:03]} fxe4 {[%emt 0:00:19]} 48. Rc2 {[%emt 0:00:13]} Rd1 {[%emt 0:00:13]} 49. Red2 {[%emt 0:00:18]} Rxd2 {[%emt 0:00:01]} 50. Rxd2 {[%emt 0:00:02]} Rd3 {[%emt 0:00:02]} 51. Re2 {[%emt 0:00:10]} Rxd4 52. Kg1 {[%emt 0:00:07]} Rd1+ {[%emt 0:00:11]} 53. Kf2 {[%emt 0:00:03]} Ke5 {[%emt 0:00:03]} 54. g3 {[%emt 0:00:12]} hxg3+ {[%emt 0:00:02]} 55. Kxg3 {[%emt 0:00:02]} Rf1 {[%emt 0:00:03]} 56. h4 {[%emt 0:00:10]} d4 {[%emt 0:00:01]} 57. h5 {[%emt 0:00:16]} d3 {[%emt 0:00:01]} 58. Rd2 {[%emt 0:00:02]} Kd4 {[%emt 0:00:01]} 59. h6 {[%emt 0:00:04]} e3 {[%emt 0:00:02]} 60. h7 {[%emt 0:01:02]} Rh1 {[%emt 0:00:03]} 61. Rh2 {[%emt 0:00:03]} Rxh2 {[%emt 0:00:13]} 62. Kxh2 {[%emt 0:00:01]} d2 {[%emt 0:00:00]} 63. h8=Q+ Kd3 {[%emt 0:00:00]} 64. Qd8+ {[%emt 0:00:34]} Ke2 {[%emt 0:00:00]} 1-0

[Event "African Games-chT 2019"]
[Site "Casablanca"]
[Date "2019.08.24"]
[Round "5.20"]
[White "Mongeli, Sasha"]
[Black "Msukwa, Tupokiwe"]
[Result "1-0"]
[WhiteElo "1527"]
[BlackElo "1289"]
[Annotator "NA"]
[PlyCount "55"]
[EventDate "2019.08.24"]
[EventType "team-tourn"]
[EventCountry "MAR"]
[SourceTitle "playchess.com"]
[Source "ChessBase"]
[SourceQuality "1"]
[WhiteTeam "Kenya"]
[BlackTeam "MAW"]
[WhiteTeamCountry "KEN"]
[TimeControl "900+10"]

1. e4 {[%emt 0:00:00]} c5 {[%emt 0:00:00]} 2. Nf3 {[%emt 0:00:00]} d6 {[%emt 0:00:00]} 3. Bb5+ {[%emt 0:00:02]} Bd7 {[%emt 0:00:08]} 4. Bxd7+ {[%emt 0:00:05]} Qxd7 {[%emt 0:00:04]} 5. Nc3 {[%emt 0:00:09]} Nc6 {[%emt 0:00:02]} 6. d3 {[%emt 0:00:06]} e6 {[%emt 0:00:07]} 7. O-O {[%emt 0:00:25]} Nf6 {[%emt 0:00:12]} 8. Bg5 {[%emt 0:00:12]} Be7 {[%emt 0:00:02]} 9. Re1 {[%emt 0:00:11]} h6 {[%emt 0:00:58]} 10. Bd2 {[%emt 0:00:25]} a6 {[%emt 0:02:12]} 11. h3 {[%emt 0:00:19]} Qc7 {[%emt 0:00:17]} 12. Ne2 {[%emt 0:01:13]} O-O {[%emt 0:00:28]} 13. Ng3 {[%emt 0:00:32]} Rfe8 {[%emt 0:01:03]} 14. a3 {[%emt 0:00:57]} Rac8 {[%emt 0:00:41]} 15. Nh2 {[%emt 0:01:13]} d5 {[%emt 0:00:20]} 16. exd5 {[%emt 0:00:58]} exd5 {[%emt 0:00:33]} 17. Nh5 {[%emt 0:01:01]} d4 {[%emt 0:01:27]} 18. Nxf6+ {[%emt 0:00:30]} Bxf6 {[%emt 0:00:10]} 19. Rxe8+ {[%emt 0:00:34]} Rxe8 {[%emt 0:00:16]} 20. Ng4 {[%emt 0:00:06]} Bh4 {[%emt 0:03:17]} 21. Qf3 {[%emt 0:01:30]} Ne5 {[%emt 0:01:23]} 22. Nxe5 {[%emt 0:01:41]} Qxe5 {[%emt 0:00:05]} 23. Re1 {[%emt 0:00:35]} Qb8 {[%emt 0:01:07]} 24. Re4 {[%emt 0:01:05]} Rxe4 {[%emt 0:00:42]} 25. Qxe4 {[%emt 0:00:02]} Bf6 {[%emt 0:00:39]} 26. Qf5 {[%emt 0:00:39]} Qd8 {[%emt 0:01:00]} 27. Qxc5 {[%emt 0:00:36]} Qe8 {[%emt 0:01:17]} 28. Kf1 1-0

[Event "African Games-chT 2019"]
[Site "Casablanca"]
[Date "2019.08.24"]
[Round "5.21"]
[White "Adu, Oladapo"]
[Black "Beukes, Dante M"]
[Result "1-0"]
[WhiteElo "2273"]
[BlackElo "2130"]
[Annotator "NA"]
[PlyCount "71"]
[EventDate "2019.08.24"]
[EventType "team-tourn"]
[EventCountry "MAR"]
[SourceTitle "playchess.com"]
[Source "ChessBase"]
[SourceQuality "1"]
[WhiteTeam "Nigeria"]
[BlackTeam "Namibia"]
[WhiteTeamCountry "NGR"]
[BlackTeamCountry "NAM"]
[TimeControl "900+10"]

1. e4 {[%emt 0:00:00]} c5 {[%emt 0:00:00]} 2. Nf3 {[%emt 0:00:00]} Nc6 {[%emt 0:00:06]} 3. d3 {[%emt 0:00:05]} g6 {[%emt 0:00:02]} 4. g3 {[%emt 0:00:03]} Bg7 5. Bg2 {[%emt 0:00:03]} e6 {[%emt 0:00:04]} 6. O-O {[%emt 0:00:03]} Nge7 {[%emt 0:00:01]} 7. Re1 {[%emt 0:00:03]} O-O {[%emt 0:00:05]} 8. c3 {[%emt 0:00:16]} d5 {[%emt 0:00:12]} 9. e5 {[%emt 0:00:06]} d4 {[%emt 0:00:11]} 10. c4 {[%emt 0:00:15]} Qc7 {[%emt 0:01:02]} 11. Qe2 {[%emt 0:00:02]} b6 {[%emt 0:00:20]} 12. Bf4 {[%emt 0:00:18]} Bb7 {[%emt 0:00:03]} 13. h4 {[%emt 0:00:06]} Nb4 {[%emt 0:00:52]} 14. a3 {[%emt 0:00:25]} Nbc6 {[%emt 0:00:02]} 15. Nbd2 {[%emt 0:00:04]} Kh8 {[%emt 0:02:03]} 16. Nf1 {[%emt 0:00:02]} Qd7 {[%emt 0:00:35]} 17. N1h2 {[%emt 0:00:10]} Rae8 {[%emt 0:00:14]} 18. Ng4 {[%emt 0:00:03]} Ng8 {[%emt 0:00:04]} 19. Qd2 {[%emt 0:00:07]} f6 {[%emt 0:01:37]} 20. b4 {[%emt 0:00:19]} fxe5 {[%emt 0:02:36]} 21. Ngxe5 {[%emt 0:00:13]} Nxe5 {[%emt 0:00:03]} 22. Nxe5 {[%emt 0:00:02]} Qc8 {[%emt 0:00:04]} 23. Bxb7 {[%emt 0:01:34]} Qxb7 {[%emt 0:00:01]} 24. bxc5 {[%emt 0:00:02]} bxc5 {[%emt 0:00:03]} 25. Rab1 {[%emt 0:00:01]} Qc8 {[%emt 0:00:50]} 26. Rb5 {[%emt 0:00:17]} Ne7 {[%emt 0:00:35]} 27. Reb1 {[%emt 0:00:23]} Nc6 {[%emt 0:00:23]} 28. Qe2 {[%emt 0:01:34]} Rxf4 {[%emt 0:01:25]} 29. gxf4 {[%emt 0:00:03]} Nxe5 {[%emt 0:00:19]} 30. fxe5 {[%emt 0:00:01]} Qd8 {[%emt 0:00:12]} 31. Qe4 {[%emt 0:00:01]} Rf8 {[%emt 0:00:15]} 32. Rb7 {[%emt 0:00:19]} Bh6 {[%emt 0:00:14]} 33. Kg2 {[%emt 0:00:09]} Kg8 {[%emt 0:01:10]} 34. Rxa7 {[%emt 0:01:08]} Bf4 {[%emt 0:00:14]} 35. Qb7 {[%emt 0:00:30]} Qxh4 {[%emt 0:00:20]} 36. Qg7# {[%emt 0:00:02]} 1-0

[Event "African Games-chT 2019"]
[Site "Casablanca"]
[Date "2019.08.24"]
[Round "5.22"]
[White "Eichab, Charles"]
[Black "Osunfuyi, Abimbola"]
[Result "0-1"]
[WhiteElo "2016"]
[BlackElo "2235"]
[Annotator "NA"]
[PlyCount "41"]
[EventDate "2019.08.24"]
[EventType "team-tourn"]
[EventCountry "MAR"]
[SourceTitle "playchess.com"]
[Source "ChessBase"]
[SourceQuality "1"]
[WhiteTeam "Namibia"]
[BlackTeam "Nigeria"]
[WhiteTeamCountry "NAM"]
[BlackTeamCountry "NGR"]
[TimeControl "900+10"]

1. b3 {[%emt 0:00:00]} c5 {[%emt 0:00:55]} 2. Bb2 {[%emt 0:00:04]} Nc6 {[%emt 0:00:01]} 3. e3 {[%emt 0:00:01]} a6 {[%emt 0:00:12]} 4. f4 {[%emt 0:00:27]} d5 {[%emt 0:00:11]} 5. Nf3 {[%emt 0:00:02]} Nf6 {[%emt 0:01:00]} 6. Be2 {[%emt 0:00:09]} Bf5 {[%emt 0:00:44]} 7. O-O {[%emt 0:00:35]} h6 {[%emt 0:00:22]} 8. Ne5 {[%emt 0:00:28]} e6 {[%emt 0:00:18]} 9. Nxc6 {[%emt 0:00:37]} bxc6 {[%emt 0:00:02]} 10. d3 {[%emt 0:00:05]} Be7 {[%emt 0:03:33]} 11. Nd2 {[%emt 0:00:08]} O-O {[%emt 0:01:04]} 12. Bf3 {[%emt 0:00:14]} Bg6 {[%emt 0:00:34]} 13. Qe2 {[%emt 0:00:52]} a5 {[%emt 0:00:33]} 14. a4 {[%emt 0:00:13]} Nd7 {[%emt 0:00:28]} 15. e4 {[%emt 0:00:18]} Rb8 {[%emt 0:00:33]} 16. f5 {[%emt 0:00:51]} exf5 {[%emt 0:00:44]} 17. exd5 {[%emt 0:00:01]} cxd5 {[%emt 0:00:11]} 18. Bxd5 {[%emt 0:00:03]} Re8 {[%emt 0:01:12]} 19. Qf2 {[%emt 0:01:29]} Bh4 {[%emt 0:00:37]} 20. g3 {[%emt 0:01:28]} Bg5 {[%emt 0:00:07]} 21. Rae1 {[%emt 0:01:01]} 0-1

[Event "African Games-chT 2019"]
[Site "Casablanca"]
[Date "2019.08.24"]
[Round "5.23"]
[White "Ogbiyoyo, Perpetual Eloho"]
[Black "Tjaronda, Nicola"]
[Result "1-0"]
[WhiteElo "1831"]
[BlackElo "1545"]
[Annotator "NA"]
[PlyCount "39"]
[EventDate "2019.08.24"]
[EventType "team-tourn"]
[EventCountry "MAR"]
[SourceTitle "playchess.com"]
[Source "ChessBase"]
[SourceQuality "1"]
[WhiteTeam "Nigeria"]
[BlackTeam "Namibia"]
[WhiteTeamCountry "NGR"]
[BlackTeamCountry "NAM"]
[TimeControl "900+10"]

1. e4 {[%emt 0:00:00]} c5 {[%emt 0:00:00]} 2. Nc3 {[%emt 0:00:00]} g6 {[%emt 0:00:00]} 3. f4 {[%emt 0:00:00]} Bg7 {[%emt 0:00:00]} 4. Nf3 {[%emt 0:00:01]} d6 {[%emt 0:00:02]} 5. Bb5+ {[%emt 0:00:03]} Bd7 {[%emt 0:00:03]} 6. Bxd7+ {[%emt 0:00:03]} Qxd7 {[%emt 0:00:03]} 7. d3 {[%emt 0:00:04]} Nc6 {[%emt 0:00:02]} 8. O-O {[%emt 0:00:03]} Nf6 {[%emt 0:00:10]} 9. Qe1 {[%emt 0:00:39]} O-O {[%emt 0:00:33]} 10. Ne2 {[%emt 0:00:32]} Rac8 {[%emt 0:00:21]} 11. c3 {[%emt 0:00:06]} Ne8 {[%emt 0:01:34]} 12. f5 {[%emt 0:00:22]} Nc7 {[%emt 0:00:16]} 13. Qh4 {[%emt 0:00:25]} Ne5 {[%emt 0:01:39]} 14. Bh6 {[%emt 0:01:58]} Nxf3+ {[%emt 0:04:44]} 15. Rxf3 {[%emt 0:00:04]} Ne8 {[%emt 0:01:19]} 16. Raf1 {[%emt 0:00:12]} Nf6 {[%emt 0:01:16]} 17. Rh3 {[%emt 0:00:53]} e5 {[%emt 0:01:11]} 18. fxe6 {[%emt 0:01:21]} Qxe6 {[%emt 0:00:32]} 19. Bxg7 {[%emt 0:00:59]} Kxg7 {[%emt 0:00:13]} 20. Rxf6 {[%emt 0:00:29]} 1-0

[Event "African Games-chT 2019"]
[Site "Casablanca"]
[Date "2019.08.24"]
[Round "5.24"]
[White "Mentile, Lishen"]
[Black "Ofowino, Toritsemuwa"]
[Result "0-1"]
[WhiteElo "1513"]
[BlackElo "1877"]
[Annotator "NA"]
[PlyCount "80"]
[EventDate "2019.08.24"]
[EventType "team-tourn"]
[EventCountry "MAR"]
[SourceTitle "playchess.com"]
[Source "ChessBase"]
[SourceQuality "1"]
[WhiteTeam "Namibia"]
[BlackTeam "Nigeria"]
[WhiteTeamCountry "NAM"]
[BlackTeamCountry "NGR"]
[TimeControl "900+10"]

1. e4 {[%emt 0:00:00]} d6 {[%emt 0:00:00]} 2. Nc3 {[%emt 0:00:07]} Nf6 {[%emt 0:00:00]} 3. h3 e5 {[%emt 0:00:28]} 4. Nf3 {[%emt 0:00:11]} Be7 {[%emt 0:00:38]} 5. Bc4 {[%emt 0:00:13]} c6 {[%emt 0:00:05]} 6. d3 {[%emt 0:00:09]} a5 {[%emt 0:00:06]} 7. a4 {[%emt 0:00:02]} O-O {[%emt 0:00:27]} 8. O-O {[%emt 0:00:02]} Qc7 {[%emt 0:00:16]} 9. Be3 {[%emt 0:00:02]} Nbd7 {[%emt 0:00:26]} 10. Qd2 {[%emt 0:00:25]} Nb6 {[%emt 0:00:40]} 11. Bb3 {[%emt 0:00:02]} Bd7 {[%emt 0:00:20]} 12. Ne2 {[%emt 0:00:57]} Rfd8 {[%emt 0:00:31]} 13. Rfd1 {[%emt 0:01:19]} Be8 {[%emt 0:00:08]} 14. c3 {[%emt 0:00:39]} Nbd7 {[%emt 0:00:33]} 15. Qc2 {[%emt 0:00:11]} Nf8 {[%emt 0:00:05]} 16. Ng3 {[%emt 0:00:28]} Bd7 {[%emt 0:01:17]} 17. Ng5 {[%emt 0:00:31]} Be6 {[%emt 0:00:36]} 18. Nxe6 {[%emt 0:00:20]} fxe6 {[%emt 0:00:02]} 19. Rac1 {[%emt 0:00:27]} d5 {[%emt 0:00:08]} 20. exd5 {[%emt 0:00:14]} exd5 {[%emt 0:00:02]} 21. Nf5 {[%emt 0:00:08]} Kh8 {[%emt 0:00:33]} 22. Qe2 {[%emt 0:00:36]} Ng6 {[%emt 0:00:03]} 23. Bg5 {[%emt 0:01:43]} Rf8 {[%emt 0:00:57]} 24. Nxe7 {[%emt 0:01:45]} Qxe7 {[%emt 0:00:02]} 25. Qe3 {[%emt 0:00:31]} h6 {[%emt 0:00:11]} 26. Bxf6 {[%emt 0:00:14]} Qxf6 {[%emt 0:00:02]} 27. Rf1 {[%emt 0:01:06]} Nf4 {[%emt 0:00:53]} 28. Rce1 Qg6 {[%emt 0:00:42]} 29. Qg3 {[%emt 0:02:38]} Qxg3 {[%emt 0:00:07]} 30. fxg3 {[%emt 0:00:02]} Nxd3 {[%emt 0:00:02]} 31. Re2 {[%emt 0:00:16]} Rxf1+ {[%emt 0:00:08]} 32. Kxf1 {[%emt 0:00:02]} Rf8+ {[%emt 0:00:01]} 33. Kg1 {[%emt 0:00:05]} e4 34. c4 {[%emt 0:00:38]} Nc5 {[%emt 0:00:50]} 35. Ba2 {[%emt 0:02:09]} d4 {[%emt 0:00:04]} 36. Bb1 {[%emt 0:01:03]} e3 {[%emt 0:00:14]} 37. Ba2 {[%emt 0:01:11]} Re8 {[%emt 0:00:03]} 38. Bb1 {[%emt 0:00:35]} d3 {[%emt 0:00:14]} 39. Bxd3 {[%emt 0:00:11]} Nxd3 {[%emt 0:00:02]} 40. Kf1 {[%emt 0:00:12]} Nc1 {[%emt 0:00:29]} 0-1

[Event "African Games-chT 2019"]
[Site "Casablanca"]
[Date "2019.08.24"]
[Round "5.25"]
[White "Amba, Oyon Marius Claude"]
[Black "Mesfin, Leykun"]
[Result "1/2-1/2"]
[WhiteElo "1911"]
[BlackElo "2151"]
[Annotator "NA"]
[PlyCount "127"]
[EventDate "2019.08.24"]
[EventType "team-tourn"]
[EventCountry "MAR"]
[SourceTitle "playchess.com"]
[Source "ChessBase"]
[SourceQuality "1"]
[WhiteTeam "CMR"]
[BlackTeam "Ethiopia"]
[BlackTeamCountry "ETH"]
[TimeControl "900+10"]

1. e4 {[%emt 0:00:00]} c5 {[%emt 0:00:05]} 2. Nf3 {[%emt 0:00:00]} d6 {[%emt 0:00:03]} 3. d4 {[%emt 0:00:00]} cxd4 {[%emt 0:00:04]} 4. Nxd4 {[%emt 0:00:00]} Nf6 {[%emt 0:00:01]} 5. Nc3 {[%emt 0:00:01]} a6 {[%emt 0:00:02]} 6. f4 {[%emt 0:00:07]} e5 {[%emt 0:01:29]} 7. Nf3 {[%emt 0:00:02]} Qc7 {[%emt 0:01:12]} 8. Bd3 {[%emt 0:00:05]} Nc6 {[%emt 0:00:37]} 9. O-O {[%emt 0:00:03]} Be7 {[%emt 0:00:36]} 10. Kh1 {[%emt 0:00:03]} Bd7 {[%emt 0:02:31]} 11. Qe1 {[%emt 0:00:07]} O-O-O {[%emt 0:03:07]} 12. a3 {[%emt 0:00:07]} Bg4 {[%emt 0:00:19]} 13. fxe5 {[%emt 0:00:31]} dxe5 {[%emt 0:00:20]} 14. Bg5 {[%emt 0:00:02]} Bxf3 {[%emt 0:00:10]} 15. Rxf3 {[%emt 0:00:03]} Nd4 {[%emt 0:00:06]} 16. Rf1 {[%emt 0:00:12]} Kb8 {[%emt 0:00:55]} 17. Bxf6 {[%emt 0:00:09]} Bxf6 {[%emt 0:00:16]} 18. Nd5 {[%emt 0:00:02]} Qd6 {[%emt 0:00:36]} 19. Qf2 {[%emt 0:00:47]} Rc8 {[%emt 0:01:45]} 20. Rac1 {[%emt 0:00:13]} Bg5 {[%emt 0:00:14]} 21. Rcd1 {[%emt 0:00:02]} f6 {[%emt 0:00:07]} 22. c3 {[%emt 0:00:21]} Ne6 {[%emt 0:00:23]} 23. Bc2 {[%emt 0:00:12]} Qc5 {[%emt 0:00:20]} 24. Qxc5 {[%emt 0:04:50]} Rxc5 {[%emt 0:00:04]} 25. b4 {[%emt 0:00:40]} Rcc8 {[%emt 0:00:36]} 26. Bb3 {[%emt 0:00:09]} Nf4 {[%emt 0:00:02]} 27. c4 {[%emt 0:00:31]} Ne2 {[%emt 0:00:24]} 28. c5 {[%emt 0:00:28]} Nd4 {[%emt 0:00:04]} 29. Ba4 {[%emt 0:00:07]} Rcd8 {[%emt 0:00:20]} 30. Nb6 {[%emt 0:00:33]} Kc7 {[%emt 0:00:21]} 31. Nc4 {[%emt 0:00:09]} h5 {[%emt 0:00:27]} 32. Nd6 {[%emt 0:00:04]} b5 {[%emt 0:00:23]} 33. Rxd4 {[%emt 0:00:19]} exd4 {[%emt 0:00:06]} 34. Bb3 {[%emt 0:00:07]} Rxd6 {[%emt 0:00:02]} 35. cxd6+ {[%emt 0:00:02]} Kxd6 {[%emt 0:00:01]} 36. Rf5 {[%emt 0:00:19]} Be3 {[%emt 0:00:33]} 37. Rd5+ {[%emt 0:00:09]} Kc6 {[%emt 0:00:04]} 38. g3 {[%emt 0:00:13]} h4 {[%emt 0:00:17]} 39. Kg2 {[%emt 0:00:10]} hxg3 {[%emt 0:00:02]} 40. hxg3 {[%emt 0:00:02]} Re8 {[%emt 0:00:49]} 41. Kf3 {[%emt 0:00:16]} Kc7 {[%emt 0:00:31]} 42. a4 {[%emt 0:00:27]} Re5 {[%emt 0:00:05]} 43. axb5 {[%emt 0:00:49]} axb5 {[%emt 0:00:05]} 44. Bc2 {[%emt 0:01:20]} Rxd5 45. exd5 {[%emt 0:00:02]} Kd6 {[%emt 0:00:02]} 46. Ke4 {[%emt 0:00:09]} Bf2 {[%emt 0:00:27]} 47. g4 {[%emt 0:00:06]} Be1 {[%emt 0:00:19]} 48. Bd3 {[%emt 0:00:08]} Bxb4 {[%emt 0:00:04]} 49. Bxb5 {[%emt 0:00:01]} Bc5 {[%emt 0:00:02]} 50. Bc4 {[%emt 0:00:08]} g6 {[%emt 0:00:11]} 51. Bb5 {[%emt 0:00:54]} Bb6 {[%emt 0:00:17]} 52. Be8 {[%emt 0:00:06]} g5 {[%emt 0:00:04]} 53. Bc6 {[%emt 0:00:11]} Bc5 {[%emt 0:00:07]} 54. Ba4 {[%emt 0:00:14]} Ke7 {[%emt 0:00:08]} 55. Bb3 {[%emt 0:00:07]} Kd6 {[%emt 0:00:05]} 56. Bc4 {[%emt 0:00:03]} Bb6 {[%emt 0:00:03]} 57. Bd3 {[%emt 0:00:15]} Ke7 {[%emt 0:00:17]} 58. Kf5 {[%emt 0:00:09]} Bc7 {[%emt 0:00:05]} 59. Bc4 {[%emt 0:00:15]} Be5 {[%emt 0:00:03]} 60. Bd3 {[%emt 0:00:08]} Kd6 {[%emt 0:00:07]} 61. Ke4 {[%emt 0:00:02]} Kc5 {[%emt 0:00:05]} 62. Ba6 {[%emt 0:00:00]} Bf4 {[%emt 0:00:00]} 63. Bd3 {[%emt 0:00:00]} Be5 {[%emt 0:00:05]} 64. Ba6 {[%emt 0:00:00]} 1/2-1/2

[Event "African Games-chT 2019"]
[Site "Casablanca"]
[Date "2019.08.24"]
[Round "5.26"]
[White "Gole, Habtamu Ashenafi"]
[Black "Ebosse, Kingue Victor Patric"]
[Result "1/2-1/2"]
[WhiteElo "2046"]
[BlackElo "2055"]
[Annotator "NA"]
[PlyCount "109"]
[EventDate "2019.08.24"]
[EventType "team-tourn"]
[EventCountry "MAR"]
[SourceTitle "playchess.com"]
[Source "ChessBase"]
[SourceQuality "1"]
[WhiteTeam "Ethiopia"]
[BlackTeam "CMR"]
[WhiteTeamCountry "ETH"]
[TimeControl "900+10"]

1. e4 {[%emt 0:00:00]} c5 {[%emt 0:00:00]} 2. Nf3 {[%emt 0:00:00]} d6 {[%emt 0:00:00]} 3. Bb5+ {[%emt 0:00:00]} Bd7 {[%emt 0:00:00]} 4. Bxd7+ {[%emt 0:00:00]} Nxd7 {[%emt 0:00:00]} 5. O-O {[%emt 0:00:03]} Ngf6 {[%emt 0:00:00]} 6. Re1 {[%emt 0:00:01]} g6 {[%emt 0:00:00]} 7. c3 {[%emt 0:00:02]} Bg7 {[%emt 0:00:10]} 8. d4 {[%emt 0:00:02]} cxd4 {[%emt 0:00:02]} 9. cxd4 {[%emt 0:00:01]} O-O {[%emt 0:00:02]} 10. Nc3 {[%emt 0:00:02]} Rc8 {[%emt 0:00:01]} 11. h3 {[%emt 0:00:36]} a6 {[%emt 0:00:26]} 12. Be3 {[%emt 0:00:16]} b5 {[%emt 0:00:02]} 13. a3 {[%emt 0:00:11]} Nb6 {[%emt 0:00:14]} 14. Nd2 {[%emt 0:01:08]} e5 {[%emt 0:01:02]} 15. dxe5 {[%emt 0:00:07]} dxe5 {[%emt 0:00:03]} 16. Qb3 {[%emt 0:01:14]} Nh5 {[%emt 0:02:30]} 17. Rad1 {[%emt 0:00:04]} Qc7 {[%emt 0:00:37]} 18. Nf3 {[%emt 0:00:39]} Nc4 {[%emt 0:00:28]} 19. Nd5 {[%emt 0:00:07]} Qb7 {[%emt 0:00:10]} 20. Bg5 {[%emt 0:00:45]} Kh8 {[%emt 0:00:48]} 21. Nd2 {[%emt 0:01:59]} Na5 {[%emt 0:00:31]} 22. Qb4 {[%emt 0:01:34]} Nc6 {[%emt 0:00:06]} 23. Qb3 {[%emt 0:00:58]} Nd4 {[%emt 0:00:03]} 24. Qd3 {[%emt 0:00:10]} f5 {[%emt 0:01:11]} 25. f3 {[%emt 0:01:05]} Ne6 {[%emt 0:02:13]} 26. Be3 {[%emt 0:00:50]} fxe4 {[%emt 0:00:11]} 27. fxe4 {[%emt 0:00:04]} Nhf4 {[%emt 0:00:18]} 28. Qb3 {[%emt 0:00:34]} Nc5 {[%emt 0:00:52]} 29. Bxc5 {[%emt 0:00:41]} Rxc5 {[%emt 0:00:03]} 30. Qe3 {[%emt 0:00:38]} Rcc8 {[%emt 0:02:01]} 31. Nf3 {[%emt 0:00:50]} Rc2 {[%emt 0:01:38]} 32. Rd2 {[%emt 0:01:16]} Rxd2 {[%emt 0:00:03]} 33. Qxd2 {[%emt 0:00:04]} Nxh3+ {[%emt 0:00:31]} 34. gxh3 {[%emt 0:00:42]} Rxf3 {[%emt 0:00:02]} 35. Kg2 {[%emt 0:00:01]} Rf8 36. Rc1 {[%emt 0:00:26]} Qf7 {[%emt 0:01:24]} 37. Qe2 {[%emt 0:00:10]} Bh6 {[%emt 0:00:05]} 38. Rc7 {[%emt 0:00:10]} Qe6 {[%emt 0:00:29]} 39. Qg4 {[%emt 0:00:28]} Qxg4+ {[%emt 0:00:14]} 40. hxg4 {[%emt 0:00:01]} Bg5 {[%emt 0:00:18]} 41. b4 {[%emt 0:01:05]} Kg8 {[%emt 0:00:30]} 42. Rc6 {[%emt 0:00:08]} Ra8 {[%emt 0:00:25]} 43. Nb6 {[%emt 0:00:07]} Rd8 {[%emt 0:00:02]} 44. Nd5 {[%emt 0:00:09]} Ra8 {[%emt 0:00:07]} 45. Nc7 {[%emt 0:00:42]} Rd8 {[%emt 0:00:39]} 46. Nd5 {[%emt 0:00:21]} Ra8 {[%emt 0:00:12]} 47. Nb6 {[%emt 0:00:36]} Ra7 {[%emt 0:00:25]} 48. Nd5 {[%emt 0:00:33]} a5 {[%emt 0:00:12]} 49. Rb6 {[%emt 0:00:26]} axb4 {[%emt 0:00:05]} 50. axb4 {[%emt 0:00:01]} Ra2+ {[%emt 0:00:07]} 51. Kf3 {[%emt 0:00:05]} Ra3+ {[%emt 0:00:02]} 52. Kg2 {[%emt 0:00:07]} Ra2+ {[%emt 0:00:58]} 53. Kf3 {[%emt 0:00:01]} Ra3+ {[%emt 0:00:09]} 54. Kg2 {[%emt 0:00:02]} Ra2+ {[%emt 0:00:13]} 55. Kf3 {[%emt 0:00:42]} 1/2-1/2